|
|
|
|
| LEADER |
00000nam0a2200000 4500 |
| 001 |
115572 |
| 005 |
20231101215253.0 |
| 010 |
|
|
|a 9851387878
|
| 035 |
|
|
|a (RuTPU)RU\TPU\book\124996
|
| 090 |
|
|
|a 115572
|
| 100 |
|
|
|a 20070511d2006 km y0rusy50 ca
|
| 101 |
0 |
|
|a rus
|
| 102 |
|
|
|a BY
|
| 105 |
|
|
|a a z 000zb
|
| 200 |
1 |
|
|a Восточная философия
|f сост. М. В. Адамчик
|
| 210 |
|
|
|a Минск
|c Харвест
|d 2006
|
| 215 |
|
|
|a 320 с.
|c ил.
|
| 330 |
|
|
|a Книга представляет собой популярный очерк восточной философии. В ней подробно рассмотрены главные философские школы Индии и Китая, философия ислама, произведен обзор основных направлений корейской и японской философии, Критический разбор философских взглядов отдельных мыслителей дополнен выдержками из их произведений.
|
| 600 |
|
0 |
|a Конфуций (Кун-цзы)
|c древнекитайский мыслитель, основатель конфуцианства
|f около 551-479 гг. до н.э.
|2 stltpush
|3 (RuTPU)RU\TPU\pers\235
|
| 606 |
1 |
|
|a Философия народов Востока
|2 stltpush
|3 (RuTPU)RU\TPU\subj\63887
|9 80819
|
| 610 |
1 |
|
|a философия
|
| 610 |
1 |
|
|a Восток
|
| 610 |
1 |
|
|a история
|
| 610 |
1 |
|
|a восточная философия
|
| 610 |
1 |
|
|a Индия
|
| 610 |
1 |
|
|a индийская философия
|
| 610 |
1 |
|
|a буддизм
|
| 610 |
1 |
|
|a Будда
|
| 610 |
1 |
|
|a джайнизм
|
| 610 |
1 |
|
|a Ближний Восток
|
| 610 |
1 |
|
|a ислам
|
| 610 |
1 |
|
|a зороастризм
|
| 610 |
1 |
|
|a китайская философия
|
| 610 |
1 |
|
|a корейская философия
|
| 610 |
1 |
|
|a японская философия
|
| 686 |
|
|
|a Ю3(5)
|v LBC/SL-A
|2 rubbk
|
| 702 |
|
1 |
|a Адамчик
|b М. В.
|g Мирослав Вячеславович
|4 220
|
| 801 |
|
1 |
|a RU
|b 63413507
|c 20070511
|g PSBO
|
| 801 |
|
2 |
|a RU
|b 63413507
|c 20141204
|g PSBO
|
| 942 |
|
|
|c BK
|